000 00352nam a2200145Ia 4500
003 OSt
008 191201s2013 xx 000 0 und d
100 _aRANGWALA, SC
245 0 _aPrinciples of Railway Engineering
250 _a24th
260 _aN. Delhi
_bCharotar Pub. House, Anand
_c2013
300 _a480
650 _aB.Tech(CE)
942 _2ddc
_cBK
999 _c5806
_d5806